000 01176nam a2200361 c 4500
001 2550
003 ES-MaCES
005 20180322142106.0
008 941209s1991 sp ||| | spa d
017 _aVA-580/91
_bDL
020 _a8487699049
035 _aCES19980025704m
040 _aES-MaCES
_bspa
_cES-MaCES
100 1 _97303
_aBaylos Grau, Antonio
245 1 0 _aDerecho penal del trabajo
_cAntonio Baylos, Juan Terradillos ; prólogo de Aurelio Desdentado
250 _a[1ª ed.
_b1ª reimp.]
260 _aMadrid
_bTrotta
_c1990
_g1991 imp.
300 _a218 p.
_c22 cm
490 1 _aColección Estructuras y procesos. Serie Derecho
541 _cCompra
650 4 _aderecho del trabajo
_927165
650 4 _aderecho penal
_927159
650 4 _adelito
_927046
650 4 _asanción
_929073
650 4 _aEspaña
_926964
653 1 0 _aDerecho del trabajo y Seguridad Social
700 1 _aTerradillos Basoco, Juan
_924800
700 1 _aDesdentado Bonete, Aurelio
_ecol.
_910591
830 0 _aColección Estructuras y procesos
_pSerie Derecho
_932130
902 _aLIB Libro
942 _2CES
_cBK
_h6.0.1.
999 _c2550
_d2550